| 000 | 00000nam##2200000za#4500 |
| 001 | 9.581450 |
| 003 | CaOODSP |
| 005 | 20210624191524 |
| 007 | cr ||||||||||| |
| 008 | 150406|2014||||xxc|||||o f|0| 0 eng|d |
| 022 | |a1919-5044 |
| 040 | |aCaOODSP|beng |
| 043 | |an-cn--- |
| 086 | 1 |aFs70-5/2014-100E-PDF |
| 110 | 1 |aCanada. |bDepartment of Fisheries and Oceans. |
| 245 | 10|aIdentification of ecologically and biologically significant areas in the Strait of Georgia and off the west coast of Vancouver Island. Phase I : |h[electronic resource]|bidentification of important areas / |c[by] Chantal Levesque and Glen S. Jamieson. |
| 260 | |aNanaimo - British Columbia : |bFisheries and Oceans Canada |cJanuary 2015. |
| 300 | |a76p.|bfigs., maps, references, tables |
| 490 | 1 |aCanadian Science Advisory Secretariat research document|x1919-5044|v2014/100, Pacific Region |
| 546 | |aText in English, abstracts in both languages. |
| 590 | |a15-06|b2015-02-06 |
| 830 | #0|aResearch document (Canadian Science Advisory Secretariat)|x1919-5044|v2014/100, Pacific Region|w(CaOODSP)9.507396 |
| 856 | 40|ahttp://publications.gc.ca|qPDF|s2513 KB|uhttps://publications.gc.ca/collections/collection_2015/mpo-dfo/Fs70-5-2014-100-eng.pdf|y2014/100, Pacific Region |